000 01322cam a22003377a 4500
003 CHAP
005 20220329134752.0
008 971013s1972 r 00010 d
010 _a25583
011 _a26555
035 _a30656
040 _cCHAP
082 _a633.61
_bI5
110 _aInstituto para el Mejoramiento de la Producción de Azúcar. México
_959422
245 0 _aEstructura, objetivos, procedimientos, programas
260 _aMéxico, D.F. :
_bInstituto para el Mejoramiento de la Producción de Azúcar,
_c1972
300 _a92 p.
_b: ilus. ; mapas
590 _aBATCH-UPD
_b10
_c20130110
_lUCH01
_h0207
590 _aBATCH-UPD
_b10
_c20130110
_lUCH01
_h1215
590 _aBATCH-UPD
_b10
_c20130409
_lUCH01
_h2219
590 _aBATCH-UPD
_b10
_c20130914
_lUCH01
_h0835
590 _aCONVERSION
_b10
_c20130109
_lUCH01
_h1315
650 1 4 _aCaña de azúcar
_zMéxico.
_918668
710 0 _aComisión Nacional de la Industria Azucarera. México.
_925796
901 _aBK
942 _cLIBRO
949 _a633.61 I5
_bBC
_cLIBRO
_d33724000195863
_eLIBRO
_fc.2
_h33125
_i30656
_si
949 _a633.61 I5
_bBC
_cLIBRO
_d33724000196036
_eLIBRO
_fc.4
_h60682
_i30656
_si
949 _a633.61 I5
_bBC
_cLIBRO
_d33724000608808
_eLIBRO
_fc.3
_h33126
_i30656
_si
949 _a633.61 I5
_bBC
_cLIBRO
_d33724000656823
_eLIBRO
_h33124
_i30656
_si
999 _c25583
_d25583